[Event "April 9 Late 2024"]
[Site "Chess.com"]
[Date "2024.04.09"]
[Round "10"]
[White "Crispin Ferreras, Darvi Abraham"]
[Black "Danielian, Vardan"]
[Result "0-1"]
[Board "69"]
[WhiteFideId "6402771"]
[BlackFideId "13301594"]
[WhiteTitle "CM"]
[BlackTitle "FM"]
[WhiteElo "2425"]
[BlackElo "2605"]
[WhiteTeam "DOM"]
[BlackTeam "ARM"]
[WhiteClock "0:00:11"]
[BlackClock "0:00:22"]
[Variant "Standard"]

1. e4 {[%clk 0:03:00]}  c5 {[%clk 0:02:59]} 2. Nf3 {[%clk 0:03:00]}  d6 {[%clk 0:02:58]} 3. c3 {[%clk 0:03:00]}  Nf6 {[%clk 0:02:58]} 4. Be2 {[%clk 0:03:00]}  Nc6 {[%clk 0:02:56]} 5. d4 {[%clk 0:02:59]}  cxd4 {[%clk 0:02:56]} 6. cxd4 {[%clk 0:03:00]}  d5 {[%clk 0:02:55]} 7. e5 {[%clk 0:02:59]}  Ne4 {[%clk 0:02:56]} 8. O-O {[%clk 0:02:59]}  Bf5 {[%clk 0:02:56]} 9. Nbd2 {[%clk 0:02:58]}  e6 {[%clk 0:02:55]} 10. Qb3 {[%clk 0:02:50]}  Qb6 {[%clk 0:02:51]} 11. Bb5 {[%clk 0:02:44]}  Be7 {[%clk 0:02:43]} 12. Bxc6+ {[%clk 0:02:25]}  bxc6 {[%clk 0:02:42]} 13. Qxb6 {[%clk 0:02:13]}  axb6 {[%clk 0:02:41]} 14. Nxe4 {[%clk 0:02:12]}  Bxe4 {[%clk 0:02:37]} 15. Ng5 {[%clk 0:02:10]}  Bg6 {[%clk 0:02:32]} 16. Be3 {[%clk 0:02:09]}  Kd7 {[%clk 0:02:30]} 17. Rfc1 {[%clk 0:01:58]}  Rhc8 {[%clk 0:02:23]} 18. a3 {[%clk 0:01:53]}  h6 {[%clk 0:02:22]} 19. Nf3 {[%clk 0:01:53]}  c5 {[%clk 0:02:22]} 20. Nd2 {[%clk 0:01:48]}  Bd3 {[%clk 0:02:14]} 21. Nb3 {[%clk 0:01:47]}  Bc4 {[%clk 0:02:11]} 22. Nd2 {[%clk 0:01:47]}  Be2 {[%clk 0:02:10]} 23. f4 {[%clk 0:01:45]}  g5 {[%clk 0:02:02]} 24. Kf2 {[%clk 0:01:40]}  Bb5 {[%clk 0:01:59]} 25. Nb3 {[%clk 0:01:31]}  Bc4 {[%clk 0:01:55]} 26. Nd2 {[%clk 0:01:31]}  gxf4 {[%clk 0:01:52]} 27. Bxf4 {[%clk 0:01:28]}  cxd4 {[%clk 0:01:49]} 28. Nxc4 {[%clk 0:01:23]}  dxc4 {[%clk 0:01:48]} 29. Bxh6 {[%clk 0:01:22]}  d3 {[%clk 0:01:42]} 30. Be3 {[%clk 0:01:17]}  b5 {[%clk 0:01:42]} 31. Rd1 {[%clk 0:01:12]}  Bc5 {[%clk 0:01:34]} 32. b3 {[%clk 0:01:10]}  Bxa3 {[%clk 0:01:27]} 33. bxc4 {[%clk 0:01:04]}  bxc4 {[%clk 0:01:28]} 34. Kf3 {[%clk 0:01:04]}  Bb2 {[%clk 0:01:27]} 35. Rxa8 {[%clk 0:01:03]}  Rxa8 {[%clk 0:01:28]} 36. Ke4 {[%clk 0:01:03]}  Kc6 {[%clk 0:01:17]} 37. Rf1 {[%clk 0:00:57]}  Ra5 {[%clk 0:01:04]} 38. Bd4 {[%clk 0:00:50]}  Ra2 {[%clk 0:00:38]} 39. Bxb2 {[%clk 0:00:31]}  Rxb2 {[%clk 0:00:37]} 40. Kd4 {[%clk 0:00:32]}  Rc2 {[%clk 0:00:36]} 41. h4 {[%clk 0:00:26]}  d2 {[%clk 0:00:32]} 42. Rd1 {[%clk 0:00:25]}  c3 {[%clk 0:00:32]} 43. Kd3 {[%clk 0:00:25]}  Rc1 {[%clk 0:00:32]} 44. Ke2 {[%clk 0:00:25]}  Rxd1 {[%clk 0:00:28]} 45. Kxd1 {[%clk 0:00:25]}  Kd5 {[%clk 0:00:28]} 46. h5 {[%clk 0:00:20]}  Kxe5 {[%clk 0:00:28]} 47. g4 {[%clk 0:00:18]}  Ke4 {[%clk 0:00:22]} 48. Kc2 {[%clk 0:00:15]}  Ke3 {[%clk 0:00:20]} 49. h6 {[%clk 0:00:14]}  Ke2 {[%clk 0:00:21]} 50. h7 {[%clk 0:00:14]}  d1=Q+ {[%clk 0:00:21]} 51. Kxc3 {[%clk 0:00:11]}  Qa1+ {[%clk 0:00:22]} 0-1

[Event "April 9 Late 2024"]
[Site "Chess.com"]
[Date "2024.04.10"]
[Round "10"]
[White "Camacho Collados, Jose"]
[Black "Bynum, Jacorey"]
[Result "1/2-1/2"]
[Board "70"]
[WhiteFideId "2265427"]
[BlackFideId "39927644"]
[WhiteTitle "IM"]
[WhiteElo "2579"]
[BlackElo "2418"]
[WhiteTeam "WLS"]
[BlackTeam "USA"]
[WhiteClock "0:00:05"]
[BlackClock "0:00:45"]
[Variant "Standard"]

1. Nf3 {[%clk 0:03:00]}  Nf6 {[%clk 0:02:57]} 2. g3 {[%clk 0:03:00]}  e6 {[%clk 0:02:57]} 3. Bg2 {[%clk 0:03:01]}  c5 {[%clk 0:02:57]} 4. O-O {[%clk 0:03:02]}  Be7 {[%clk 0:02:58]} 5. d4 {[%clk 0:03:02]}  O-O {[%clk 0:02:58]} 6. dxc5 {[%clk 0:03:02]}  Bxc5 {[%clk 0:02:57]} 7. c4 {[%clk 0:03:02]}  d5 {[%clk 0:02:52]} 8. cxd5 {[%clk 0:02:58]}  exd5 {[%clk 0:02:53]} 9. Nc3 {[%clk 0:02:58]}  Nc6 {[%clk 0:02:53]} 10. Bg5 {[%clk 0:02:58]}  d4 {[%clk 0:02:49]} 11. Bxf6 {[%clk 0:02:54]}  Qxf6 {[%clk 0:02:49]} 12. Ne4 {[%clk 0:02:54]}  Qe7 {[%clk 0:02:49]} 13. Nxc5 {[%clk 0:02:53]}  Qxc5 {[%clk 0:02:50]} 14. Rc1 {[%clk 0:02:53]}  Qb6 {[%clk 0:02:49]} 15. Qd2 {[%clk 0:02:52]}  Bg4 {[%clk 0:02:39]} 16. Rfd1 {[%clk 0:02:51]}  Rad8 {[%clk 0:02:37]} 17. b3 {[%clk 0:02:49]}  Rfe8 {[%clk 0:02:24]} 18. Qf4 {[%clk 0:02:47]}  Bxf3 {[%clk 0:02:22]} 19. Bxf3 {[%clk 0:02:48]}  Ne5 {[%clk 0:02:20]} 20. Rd2 {[%clk 0:02:37]}  d3 {[%clk 0:02:18]} 21. e3 {[%clk 0:02:26]}  Qf6 {[%clk 0:02:14]} 22. Qxf6 {[%clk 0:02:24]}  gxf6 {[%clk 0:02:15]} 23. Be4 {[%clk 0:02:20]}  Rd7 {[%clk 0:02:11]} 24. Rcd1 {[%clk 0:02:05]}  Kg7 {[%clk 0:02:10]} 25. Kg2 {[%clk 0:01:58]}  Red8 {[%clk 0:02:07]} 26. h3 {[%clk 0:01:56]}  Re7 {[%clk 0:01:58]} 27. f4 {[%clk 0:01:51]}  Nc4 {[%clk 0:01:47]} 28. bxc4 {[%clk 0:01:37]}  Rxe4 {[%clk 0:01:47]} 29. Rxd3 {[%clk 0:01:34]}  Rxd3 {[%clk 0:01:45]} 30. Rxd3 {[%clk 0:01:35]}  Rxc4 {[%clk 0:01:46]} 31. Kf3 {[%clk 0:01:35]}  Ra4 {[%clk 0:01:42]} 32. a3 {[%clk 0:01:31]}  b5 {[%clk 0:01:41]} 33. g4 {[%clk 0:01:31]}  a5 {[%clk 0:01:40]} 34. Rd5 {[%clk 0:01:26]}  Rxa3 {[%clk 0:01:40]} 35. Rxb5 {[%clk 0:01:26]}  Kg6 {[%clk 0:01:40]} 36. h4 {[%clk 0:01:26]}  a4 {[%clk 0:01:36]} 37. Ra5 {[%clk 0:01:25]}  Ra1 {[%clk 0:01:36]} 38. Ra6 {[%clk 0:01:15]}  Kg7 {[%clk 0:01:33]} 39. g5 {[%clk 0:01:08]}  fxg5 {[%clk 0:01:32]} 40. hxg5 {[%clk 0:01:05]}  a3 {[%clk 0:01:32]} 41. Kg4 {[%clk 0:00:57]}  a2 {[%clk 0:01:26]} 42. Kf5 {[%clk 0:00:57]}  Re1 {[%clk 0:01:23]} 43. Rxa2 {[%clk 0:00:56]}  Rxe3 {[%clk 0:01:24]} 44. Ra6 {[%clk 0:00:55]}  Re1 {[%clk 0:01:23]} 45. Kg4 {[%clk 0:00:54]}  Rg1+ {[%clk 0:01:22]} 46. Kf5 {[%clk 0:00:54]}  Re1 {[%clk 0:01:23]} 47. Rh6 {[%clk 0:00:52]}  Re2 {[%clk 0:01:21]} 48. Rh3 {[%clk 0:00:51]}  Re1 {[%clk 0:01:21]} 49. Rb3 {[%clk 0:00:51]}  Re2 {[%clk 0:01:21]} 50. Kg4 {[%clk 0:00:52]}  Rg2+ {[%clk 0:01:20]} 51. Kf3 {[%clk 0:00:52]}  Rg1 {[%clk 0:01:21]} 52. Rb6 {[%clk 0:00:51]}  Rc1 {[%clk 0:01:20]} 53. f5 {[%clk 0:00:50]}  Rc5 {[%clk 0:01:20]} 54. Kg4 {[%clk 0:00:50]}  Rc4+ {[%clk 0:01:20]} 55. Kh5 {[%clk 0:00:50]}  Rc8 {[%clk 0:01:13]} 56. Rb7 {[%clk 0:00:49]}  Kg8 {[%clk 0:01:11]} 57. Kh6 {[%clk 0:00:47]}  Rc6+ {[%clk 0:01:08]} 58. Kh5 {[%clk 0:00:28]}  Rc8 {[%clk 0:00:54]} 59. Ra7 {[%clk 0:00:26]}  Rd8 {[%clk 0:00:54]} 60. Rc7 {[%clk 0:00:24]}  Rb8 {[%clk 0:00:53]} 61. Rc6 {[%clk 0:00:19]}  Rd8 {[%clk 0:00:53]} 62. Kh6 {[%clk 0:00:16]}  Rb8 {[%clk 0:00:52]} 63. Rd6 {[%clk 0:00:15]}  Rc8 {[%clk 0:00:52]} 64. Ra6 {[%clk 0:00:15]}  Rd8 {[%clk 0:00:52]} 65. Kh5 {[%clk 0:00:15]}  Re8 {[%clk 0:00:52]} 66. Rb6 {[%clk 0:00:13]}  Kg7 {[%clk 0:00:52]} 67. Rh6 {[%clk 0:00:11]}  Re1 {[%clk 0:00:50]} 68. Ra6 {[%clk 0:00:11]}  Rh1+ {[%clk 0:00:49]} 69. Kg4 {[%clk 0:00:11]}  h6 {[%clk 0:00:48]} 70. g6 {[%clk 0:00:07]}  Rg1+ {[%clk 0:00:46]} 71. Kh4 {[%clk 0:00:04]}  Rh1+ {[%clk 0:00:44]} 72. Kg4 {[%clk 0:00:04]}  Rg1+ {[%clk 0:00:45]} 73. Kh4 {[%clk 0:00:04]}  Rh1+ {[%clk 0:00:45]} 74. Kg4 {[%clk 0:00:05]} 1/2-1/2

[Event "April 9 Late 2024"]
[Site "Chess.com"]
[Date "2024.04.09"]
[Round "10"]
[White "Buenafe Moya, Javier"]
[Black "Slovineanu, Viacheslav"]
[Result "0-1"]
[Board "74"]
[WhiteFideId "2206412"]
[BlackFideId "13900510"]
[WhiteTitle "FM"]
[BlackTitle "IM"]
[WhiteElo "2405"]
[BlackElo "2488"]
[WhiteTeam "ESP"]
[BlackTeam "MDA"]
[WhiteClock "0:00:57"]
[BlackClock "0:00:59"]
[Variant "Standard"]

1. c4 {[%clk 0:03:00]}  e5 {[%clk 0:02:59]} 2. Nc3 {[%clk 0:02:59]}  Bb4 {[%clk 0:02:59]} 3. Nd5 {[%clk 0:02:58]}  Be7 {[%clk 0:02:59]} 4. d4 {[%clk 0:02:57]}  exd4 {[%clk 0:02:58]} 5. Qxd4 {[%clk 0:02:57]}  Nf6 {[%clk 0:02:59]} 6. Nxe7 {[%clk 0:02:52]}  Qxe7 {[%clk 0:02:59]} 7. Nf3 {[%clk 0:02:51]}  Nc6 {[%clk 0:02:58]} 8. Qd3 {[%clk 0:02:49]}  Ne4 {[%clk 0:02:45]} 9. a3 {[%clk 0:02:47]}  a5 {[%clk 0:02:41]} 10. b3 {[%clk 0:02:43]}  O-O {[%clk 0:02:36]} 11. g3 {[%clk 0:02:42]}  Re8 {[%clk 0:02:10]} 12. Bg2 {[%clk 0:02:40]}  Nc5 {[%clk 0:02:02]} 13. Qe3 {[%clk 0:02:30]}  Qxe3 {[%clk 0:02:00]} 14. Bxe3 {[%clk 0:02:29]}  Nxb3 {[%clk 0:02:00]} 15. Rb1 {[%clk 0:02:25]}  a4 {[%clk 0:01:59]} 16. h3 {[%clk 0:02:06]}  d6 {[%clk 0:01:58]} 17. Ng5 {[%clk 0:02:02]}  Bf5 {[%clk 0:01:52]} 18. Rb2 {[%clk 0:02:00]}  h6 {[%clk 0:01:49]} 19. Nf3 {[%clk 0:01:58]}  Be4 {[%clk 0:01:45]} 20. O-O {[%clk 0:01:57]}  Nca5 {[%clk 0:01:36]} 21. Nd2 {[%clk 0:01:46]}  Nxd2 {[%clk 0:01:29]} 22. Bxd2 {[%clk 0:01:43]}  Bxg2 {[%clk 0:01:20]} 23. Kxg2 {[%clk 0:01:36]}  Nxc4 {[%clk 0:01:20]} 24. Rc2 {[%clk 0:01:36]}  b5 {[%clk 0:01:17]} 25. Bc3 {[%clk 0:01:26]}  Nxa3 {[%clk 0:01:12]} 26. Rb2 {[%clk 0:01:25]}  c5 {[%clk 0:01:09]} 27. e3 {[%clk 0:01:19]}  b4 {[%clk 0:01:08]} 28. Be1 {[%clk 0:01:18]}  Nc4 {[%clk 0:01:04]} 29. Rc2 {[%clk 0:01:17]}  d5 {[%clk 0:01:01]} 30. Re2 {[%clk 0:00:57]}  a3 {[%clk 0:00:59]} 0-1

[Event "April 9 Late 2024"]
[Site "Chess.com"]
[Date "2024.04.09"]
[Round "10"]
[White "Venkatesh, Narayan"]
[Black "Smiech, Sara"]
[Result "1-0"]
[Board "78"]
[WhiteFideId "30987881"]
[BlackFideId "91102863"]
[WhiteTitle "CM"]
[WhiteElo "2362"]
[BlackElo "2472"]
[WhiteTeam "USA"]
[BlackTeam "POL"]
[WhiteClock "0:00:33"]
[BlackClock "0:00:00"]
[Variant "Standard"]

1. d4 {[%clk 0:03:00]}  Nf6 {[%clk 0:02:58]} 2. c4 {[%clk 0:03:01]}  c5 {[%clk 0:02:58]} 3. d5 {[%clk 0:03:00]}  e6 {[%clk 0:02:58]} 4. Nc3 {[%clk 0:03:00]}  exd5 {[%clk 0:02:58]} 5. cxd5 {[%clk 0:03:01]}  d6 {[%clk 0:02:59]} 6. e4 {[%clk 0:03:01]}  g6 {[%clk 0:02:58]} 7. f4 {[%clk 0:03:00]}  Bg7 {[%clk 0:02:58]} 8. Bb5+ {[%clk 0:03:00]}  Nfd7 {[%clk 0:02:58]} 9. a4 {[%clk 0:03:00]}  O-O {[%clk 0:02:57]} 10. Nf3 {[%clk 0:02:59]}  a6 {[%clk 0:02:57]} 11. Be2 {[%clk 0:02:57]}  Nf6 {[%clk 0:02:56]} 12. O-O {[%clk 0:02:56]}  Bg4 {[%clk 0:02:55]} 13. h3 {[%clk 0:02:53]}  Bxf3 {[%clk 0:02:55]} 14. Bxf3 {[%clk 0:02:52]}  Nbd7 {[%clk 0:02:56]} 15. Be3 {[%clk 0:02:52]}  Qc7 {[%clk 0:02:55]} 16. Qd3 {[%clk 0:02:49]}  c4 {[%clk 0:02:54]} 17. Qe2 {[%clk 0:02:48]}  Rfe8 {[%clk 0:02:53]} 18. Rad1 {[%clk 0:02:45]}  Rab8 {[%clk 0:02:40]} 19. Ba7 {[%clk 0:02:40]}  Rbc8 {[%clk 0:02:34]} 20. Bd4 {[%clk 0:02:39]}  Nc5 {[%clk 0:02:01]} 21. e5 {[%clk 0:01:50]}  Nd3 {[%clk 0:01:59]} 22. Rxd3 {[%clk 0:01:47]}  cxd3 {[%clk 0:01:58]} 23. Qxd3 {[%clk 0:01:47]}  dxe5 {[%clk 0:01:55]} 24. fxe5 {[%clk 0:01:46]}  Rxe5 {[%clk 0:01:50]} 25. Bxe5 {[%clk 0:01:45]}  Qxe5 {[%clk 0:01:50]} 26. d6 {[%clk 0:01:42]}  Rd8 {[%clk 0:01:48]} 27. Rd1 {[%clk 0:01:40]}  Nd7 {[%clk 0:01:46]} 28. Bxb7 {[%clk 0:01:36]}  Nc5 {[%clk 0:01:44]} 29. Qd5 {[%clk 0:01:32]}  h5 {[%clk 0:01:20]} 30. Bc6 {[%clk 0:01:23]}  Qe3+ {[%clk 0:01:00]} 31. Kh1 {[%clk 0:01:21]}  Be5 {[%clk 0:00:59]} 32. d7 {[%clk 0:01:15]}  Qg3 {[%clk 0:00:55]} 33. Kg1 {[%clk 0:01:14]}  Qh2+ {[%clk 0:00:53]} 34. Kf2 {[%clk 0:01:14]}  Qg3+ {[%clk 0:00:50]} 35. Kf1 {[%clk 0:01:13]}  Qf4+ {[%clk 0:00:28]} 36. Qf3 {[%clk 0:01:09]}  Qc4+ {[%clk 0:00:23]} 37. Qe2 {[%clk 0:01:04]}  Qf4+ {[%clk 0:00:22]} 38. Qf3 {[%clk 0:00:59]}  Qc4+ {[%clk 0:00:22]} 39. Ne2 {[%clk 0:00:59]}  Ne6 {[%clk 0:00:21]} 40. Bd5 {[%clk 0:00:54]}  Qxa4 {[%clk 0:00:11]} 41. Bb3 {[%clk 0:00:47]}  Qb5 {[%clk 0:00:06]} 42. Qe4 {[%clk 0:00:37]}  Qxb3 {[%clk 0:00:03]} 43. Rd3 {[%clk 0:00:35]}  Qb5 {[%clk 0:00:02]} 44. Rd5 {[%clk 0:00:36]}  Qc6 {[%clk 0:00:01]} 45. Qxe5 {[%clk 0:00:34]}  Rxd7 {[%clk 0:00:01]} 46. Rxd7 {[%clk 0:00:33]}  Qxd7 {[%clk 0:00:00]} 47. Nc3 {[%clk 0:00:33]} 1-0

[Event "April 9 Late 2024"]
[Site "Chess.com"]
[Date "2024.04.09"]
[Round "10"]
[White "Laskakis, Konstantinos"]
[Black "Goncalves, Samuel Jesus P"]
[Result "1-0"]
[Board "79"]
[WhiteFideId "42134374"]
[BlackFideId "1945130"]
[WhiteElo "2346"]
[BlackElo "2471"]
[WhiteTeam "GRE"]
[BlackTeam "POR"]
[WhiteClock "0:00:21"]
[BlackClock "0:00:17"]
[Variant "Standard"]

1. e4 {[%clk 0:03:00]}  g6 {[%clk 0:02:59]} 2. Nf3 {[%clk 0:03:00]}  Bg7 {[%clk 0:02:59]} 3. d3 {[%clk 0:03:00]}  d5 {[%clk 0:02:58]} 4. exd5 {[%clk 0:02:59]}  Qxd5 {[%clk 0:02:59]} 5. Nc3 {[%clk 0:02:55]}  Qd6 {[%clk 0:02:52]} 6. g3 {[%clk 0:02:52]}  Nf6 {[%clk 0:02:46]} 7. Bg2 {[%clk 0:02:49]}  a6 {[%clk 0:02:45]} 8. O-O {[%clk 0:02:49]}  Nc6 {[%clk 0:02:45]} 9. Re1 {[%clk 0:02:44]}  Bg4 {[%clk 0:02:40]} 10. h3 {[%clk 0:02:42]}  Bd7 {[%clk 0:02:31]} 11. Bf4 {[%clk 0:02:39]}  Qb4 {[%clk 0:02:30]} 12. Qd2 {[%clk 0:02:19]}  O-O-O {[%clk 0:02:19]} 13. a3 {[%clk 0:02:14]}  Qa5 {[%clk 0:02:18]} 14. b4 {[%clk 0:02:08]}  Qh5 {[%clk 0:02:18]} 15. g4 {[%clk 0:02:00]}  Nxg4 {[%clk 0:02:18]} 16. hxg4 {[%clk 0:02:00]}  Bxg4 {[%clk 0:02:18]} 17. Nh2 {[%clk 0:01:53]}  Nd4 {[%clk 0:01:53]} 18. Ne4 {[%clk 0:01:45]}  Nf3+ {[%clk 0:01:18]} 19. Nxf3 {[%clk 0:01:34]}  Bxf3 {[%clk 0:01:08]} 20. Ng3 {[%clk 0:01:29]}  Qg4 {[%clk 0:01:06]} 21. Rxe7 {[%clk 0:00:42]}  Rd7 {[%clk 0:00:52]} 22. Rae1 {[%clk 0:00:38]}  Rhd8 {[%clk 0:00:48]} 23. Qe3 {[%clk 0:00:31]}  Bxg2 {[%clk 0:00:43]} 24. Rxd7 {[%clk 0:00:26]}  Rxd7 {[%clk 0:00:31]} 25. Qa7 {[%clk 0:00:22]}  b6 {[%clk 0:00:17]} 26. Re8+ {[%clk 0:00:21]}  Rd8 {[%clk 0:00:17]} 27. Qxc7# {[%clk 0:00:21]} 1-0

[Event "April 9 Late 2024"]
[Site "Chess.com"]
[Date "2024.04.09"]
[Round "10"]
[White "Mizzi, Jack"]
[Black "Martinez Lopez, David"]
[Result "1-0"]
[Board "80"]
[WhiteFideId "5602521"]
[BlackFideId "22235779"]
[WhiteTitle "CM"]
[BlackTitle "FM"]
[WhiteElo "2464"]
[BlackElo "2346"]
[WhiteTeam "MLT"]
[BlackTeam "ESP"]
[WhiteClock "0:00:06"]
[BlackClock "0:00:00"]
[Variant "Standard"]

1. d4 {[%clk 0:03:00]}  Nf6 {[%clk 0:03:00]} 2. c4 {[%clk 0:03:01]}  e6 {[%clk 0:03:00]} 3. g3 {[%clk 0:03:01]}  Bb4+ {[%clk 0:03:00]} 4. Nd2 {[%clk 0:03:01]}  d5 {[%clk 0:02:58]} 5. Bg2 {[%clk 0:03:01]}  O-O {[%clk 0:02:58]} 6. Qc2 {[%clk 0:03:01]}  c5 {[%clk 0:02:43]} 7. cxd5 {[%clk 0:02:43]}  Nxd5 {[%clk 0:02:16]} 8. Nf3 {[%clk 0:02:24]}  cxd4 {[%clk 0:02:06]} 9. Nxd4 {[%clk 0:02:18]}  Nf4 {[%clk 0:01:57]} 10. gxf4 {[%clk 0:02:19]}  Qxd4 {[%clk 0:01:56]} 11. e3 {[%clk 0:02:19]}  Qb6 {[%clk 0:01:47]} 12. O-O {[%clk 0:02:14]}  Nc6 {[%clk 0:01:45]} 13. Nc4 {[%clk 0:02:12]}  Qc7 {[%clk 0:01:29]} 14. a3 {[%clk 0:02:09]}  Be7 {[%clk 0:01:17]} 15. b4 {[%clk 0:01:24]}  Bd7 {[%clk 0:01:13]} 16. Bb2 {[%clk 0:01:10]}  Rac8 {[%clk 0:01:12]} 17. Rac1 {[%clk 0:01:08]}  Qb8 {[%clk 0:00:40]} 18. Qb1 {[%clk 0:01:06]}  Rfd8 {[%clk 0:00:35]} 19. Rfd1 {[%clk 0:01:03]}  Bf8 {[%clk 0:00:15]} 20. Ne5 {[%clk 0:00:59]}  Nxe5 {[%clk 0:00:14]} 21. Bxe5 {[%clk 0:00:59]}  Qa8 {[%clk 0:00:14]} 22. Rc7 {[%clk 0:00:55]}  Bc6 {[%clk 0:00:12]} 23. Rxc8 {[%clk 0:00:38]}  Qxc8 {[%clk 0:00:12]} 24. Rc1 {[%clk 0:00:37]}  Qd7 {[%clk 0:00:11]} 25. Bxc6 {[%clk 0:00:32]}  bxc6 {[%clk 0:00:12]} 26. Qc2 {[%clk 0:00:28]}  Rc8 {[%clk 0:00:12]} 27. Rd1 {[%clk 0:00:27]}  Qb7 {[%clk 0:00:12]} 28. Bd6 {[%clk 0:00:23]}  Rd8 {[%clk 0:00:09]} 29. Bxf8 {[%clk 0:00:23]}  Rxf8 {[%clk 0:00:05]} 30. Rd6 {[%clk 0:00:22]}  Rc8 {[%clk 0:00:06]} 31. f5 {[%clk 0:00:17]}  exf5 {[%clk 0:00:05]} 32. Qxf5 {[%clk 0:00:16]}  g6 {[%clk 0:00:04]} 33. Qf6 {[%clk 0:00:13]}  Rf8 {[%clk 0:00:05]} 34. Rd8 {[%clk 0:00:12]}  Rxd8 {[%clk 0:00:04]} 35. Qxd8+ {[%clk 0:00:13]}  Kg7 {[%clk 0:00:05]} 36. Qd4+ {[%clk 0:00:14]}  Kg8 {[%clk 0:00:04]} 37. Qd8+ {[%clk 0:00:11]}  Kg7 {[%clk 0:00:03]} 38. Qd4+ {[%clk 0:00:10]}  Kg8 {[%clk 0:00:03]} 39. f3 {[%clk 0:00:07]}  Qb6 {[%clk 0:00:02]} 40. Qe4 {[%clk 0:00:06]}  Kg7 {[%clk 0:00:00]} 41. Kf2 {[%clk 0:00:06]} 1-0

[Event "April 9 Late 2024"]
[Site "Chess.com"]
[Date "2024.04.09"]
[Round "10"]
[White "Vifleemskaia, Svetlana"]
[Black "Kleibel, Uwe"]
[Result "0-1"]
[Board "82"]
[WhiteFideId "4129490"]
[BlackFideId "1270982"]
[WhiteTitle "WFM"]
[BlackTitle "FM"]
[WhiteElo "2332"]
[BlackElo "2446"]
[WhiteTeam "RUS"]
[BlackTeam "GER"]
[WhiteClock "0:00:00"]
[BlackClock "0:00:34"]
[Variant "Standard"]

1. d4 {[%clk 0:03:00]}  Nf6 {[%clk 0:02:57]} 2. c4 {[%clk 0:03:00]}  c5 {[%clk 0:02:57]} 3. d5 {[%clk 0:03:00]}  e6 {[%clk 0:02:57]} 4. Nc3 {[%clk 0:02:59]}  exd5 {[%clk 0:02:58]} 5. cxd5 {[%clk 0:03:00]}  d6 {[%clk 0:02:58]} 6. e4 {[%clk 0:03:01]}  g6 {[%clk 0:02:59]} 7. Bb5+ {[%clk 0:03:01]}  Nfd7 {[%clk 0:02:58]} 8. a4 {[%clk 0:03:02]}  Bg7 {[%clk 0:02:58]} 9. Nf3 {[%clk 0:03:02]}  O-O {[%clk 0:02:58]} 10. O-O {[%clk 0:03:02]}  Na6 {[%clk 0:02:47]} 11. Bf4 {[%clk 0:02:59]}  Ne5 {[%clk 0:02:42]} 12. Nxe5 {[%clk 0:02:57]}  dxe5 {[%clk 0:02:43]} 13. Be3 {[%clk 0:02:56]}  b6 {[%clk 0:02:39]} 14. a5 {[%clk 0:02:30]}  Nc7 {[%clk 0:02:31]} 15. Bc6 {[%clk 0:02:02]}  Rb8 {[%clk 0:02:29]} 16. axb6 {[%clk 0:02:00]}  axb6 {[%clk 0:02:16]} 17. Nb5 {[%clk 0:01:16]}  Nxb5 {[%clk 0:02:16]} 18. Bxb5 {[%clk 0:01:16]}  Bd7 {[%clk 0:02:13]} 19. Qd3 {[%clk 0:01:14]}  Qe8 {[%clk 0:02:05]} 20. Bxd7 {[%clk 0:01:06]}  Qxd7 {[%clk 0:02:06]} 21. f3 {[%clk 0:00:54]}  Rfc8 {[%clk 0:02:03]} 22. b3 {[%clk 0:00:53]}  Bf8 {[%clk 0:01:58]} 23. Ra6 {[%clk 0:00:46]}  b5 {[%clk 0:01:53]} 24. Rc1 {[%clk 0:00:42]}  Bd6 {[%clk 0:01:24]} 25. Qc3 {[%clk 0:00:36]}  c4 {[%clk 0:01:21]} 26. bxc4 {[%clk 0:00:20]}  Rxc4 {[%clk 0:01:18]} 27. Qe1 {[%clk 0:00:19]}  Rxc1 {[%clk 0:01:18]} 28. Qxc1 {[%clk 0:00:17]}  b4 {[%clk 0:01:19]} 29. Rc6 {[%clk 0:00:15]}  b3 {[%clk 0:01:17]} 30. Qb2 {[%clk 0:00:14]}  Ba3 {[%clk 0:01:05]} 31. Qb1 {[%clk 0:00:07]}  b2 {[%clk 0:01:02]} 32. h4 {[%clk 0:00:07]}  h5 {[%clk 0:01:01]} 33. Rc3 {[%clk 0:00:04]}  Qd6 {[%clk 0:00:57]} 34. Kh2 {[%clk 0:00:02]}  Qb4 {[%clk 0:00:36]} 35. Bd2 {[%clk 0:00:02]}  Qd4 {[%clk 0:00:35]} 36. Rd3 {[%clk 0:00:02]}  Qf2 {[%clk 0:00:35]} 37. Rxa3 {[%clk 0:00:00]}  Qxh4+ {[%clk 0:00:34]} 0-1

[Event "April 9 Late 2024"]
[Site "Chess.com"]
[Date "2024.04.09"]
[Round "10"]
[White "Quirke, Jeffrey"]
[Black "Avila Bautista, Roberto Al"]
[Result "0-1"]
[Board "85"]
[WhiteFideId "2013029"]
[BlackFideId "5119987"]
[BlackTitle "CM"]
[WhiteElo "2246"]
[BlackElo "2536"]
[WhiteTeam "USA"]
[BlackTeam "MEX"]
[WhiteClock "0:00:00"]
[BlackClock "0:00:36"]
[Variant "Standard"]

1. e4 {[%clk 0:03:00]}  c5 {[%clk 0:03:00]} 2. c3 {[%clk 0:03:00]}  d5 {[%clk 0:02:59]} 3. exd5 {[%clk 0:03:01]}  Qxd5 {[%clk 0:03:00]} 4. d4 {[%clk 0:03:01]}  g6 {[%clk 0:03:01]} 5. Nf3 {[%clk 0:02:58]}  Bg7 {[%clk 0:03:01]} 6. Be2 {[%clk 0:02:53]}  cxd4 {[%clk 0:03:00]} 7. cxd4 {[%clk 0:02:52]}  Nf6 {[%clk 0:03:00]} 8. Nc3 {[%clk 0:02:52]}  Qa5 {[%clk 0:03:00]} 9. O-O {[%clk 0:02:51]}  O-O {[%clk 0:03:00]} 10. d5 {[%clk 0:02:43]}  Nbd7 {[%clk 0:02:55]} 11. Bg5 {[%clk 0:02:34]}  Nb6 {[%clk 0:02:53]} 12. Bxf6 {[%clk 0:01:47]}  Bxf6 {[%clk 0:02:54]} 13. Qb3 {[%clk 0:01:47]}  Bxc3 {[%clk 0:02:45]} 14. bxc3 {[%clk 0:01:46]}  Qxd5 {[%clk 0:02:44]} 15. c4 {[%clk 0:01:45]}  Qc5 {[%clk 0:02:33]} 16. Rad1 {[%clk 0:01:39]}  Be6 {[%clk 0:02:32]} 17. Rc1 {[%clk 0:01:11]}  Rac8 {[%clk 0:02:26]} 18. h4 {[%clk 0:01:11]}  Rfd8 {[%clk 0:02:24]} 19. Ng5 {[%clk 0:01:05]}  Bf5 {[%clk 0:02:15]} 20. Bf3 {[%clk 0:01:01]}  h6 {[%clk 0:02:08]} 21. Ne4 {[%clk 0:00:55]}  Bxe4 {[%clk 0:02:08]} 22. Bxe4 {[%clk 0:00:54]}  Rc7 {[%clk 0:02:08]} 23. Qg3 {[%clk 0:00:42]}  Kg7 {[%clk 0:01:36]} 24. Rfd1 {[%clk 0:00:19]}  Rcd7 {[%clk 0:01:31]} 25. Rxd7 {[%clk 0:00:16]}  Rxd7 {[%clk 0:01:32]} 26. Bf3 {[%clk 0:00:14]}  Rd6 {[%clk 0:01:25]} 27. h5 {[%clk 0:00:14]}  Rf6 {[%clk 0:01:17]} 28. Bxb7 {[%clk 0:00:11]}  Qxh5 {[%clk 0:01:15]} 29. c5 {[%clk 0:00:10]}  Nd5 {[%clk 0:01:06]} 30. c6 {[%clk 0:00:07]}  Rd6 {[%clk 0:00:40]} 31. c7 {[%clk 0:00:06]}  Nxc7 {[%clk 0:00:40]} 32. Bf3 {[%clk 0:00:00]}  Qa5 {[%clk 0:00:36]} 0-1